The wood anatomy of Malayan timbers : commercial timbers; 1. Heavy hardwoods; 2. Medium hardwoods

Bibliographic Details
Main Author: MENON
Corporate Author: Institut Penyelidikan Perhutanan Malaysia (FRIM)
Format: Book
Published: Kuala Lumpur : Forest Department , 1955
Series:Research pamphlet ; no. 18
Subjects:

MARC

LEADER 00000cam a2200000 7i4500
001 0000003096
005 20040521.0
090 0 0 |a RP575.46   |b MEN 1955 
100 1 0 |a MENON   |h P. K. Balan 
245 1 4 |a The wood anatomy of Malayan timbers :   |b commercial timbers; 1. Heavy hardwoods; 2. Medium hardwoods   |c by P. K. Balan Menon 
260 0 0 |a Kuala Lumpur :   |b Forest Department ,   |c 1955 
300 |a 16 p. ;   |c 34 cm. 
440 0 0 |a Research pamphlet ; no. 18 
650 0 0 |a Wood   |x Anatomy   |z Malaya 
710 1 1 |a Institut Penyelidikan Perhutanan Malaysia (FRIM) 
998 |a JPSM 
999 |a 0000005467   |b Monograph   |c Open Shelf   |e Default branch